[Event "Katowice op"]
[Site "Katowice"]
[Date "1991.??.??"]
[Round "6"]
[White "Ivanov, Oleg"]
[Black "Arbakov, Valentin"]
[Result "1-0"]
[WhiteElo "2390"]
[BlackElo "2485"]

1.c4 e5 2.g3 Nf6 3.Bg2 d5 4.cxd5 Nxd5 5.Nc3 Nb6 6.Nf3 Nc6 7.O-O Be7 8.a3 a5
9.d3 O-O 10.Be3 f5 11.Rc1 Bf6 12.Qb3+ Kh8 13.Bxb6 cxb6 14.Rfd1 Re8 15.Qd5 Be6
16.Qxd8 Raxd8 17.Nd2 Bg5 18.Rb1 e4 19.Nc4 Bxc4 20.dxc4 Ne5 21.b3 Be7 22.a4 Bc5
23.Rd5 Rxd5 24.Nxd5 g6 25.e3 Kg7 26.Kf1 Nf3 27.Bxf3 exf3 28.Rd1 g5 29.Ke1 Re6
30.Kf1 Rh6 31.Kg1 Rd6 32.h3 Kf7 33.Kh2 Ke6 34.g4 fxg4 35.hxg4 Rd7 36.Kh3 Bd6
37.Nc3 Rg7 38.Ne4 Be5 39.Rd8 Bc7 40.Rd5 h6 41.Ng3 Rd7 42.e4 Rxd5 43.exd5+ Ke5
44.Nf5 h5 45.Ng7 hxg4+ 46.Kxg4 Ke4 47.Ne8 Bd8 48.Nd6+ Kd3 49.Nxb7 Bf6 50.Kxf3 Kc3
51.d6 Kxb3 52.Kg4 b5 53.axb5 Kxc4 54.Kf5 a4 55.Kxf6 a3 56.Na5+ Kb4 57.Nc6+  1-0

[Event "Katowice op"]
[Site "Katowice"]
[Date "1991.??.??"]
[Round "9"]
[White "Ivanov, Oleg"]
[Black "Bogdanovski, Vlatko"]
[Result "0-1"]
[WhiteElo "2390"]
[BlackElo "2440"]

1.c4 e5 2.g3 Nc6 3.Bg2 g6 4.Nc3 Bg7 5.Rb1 a5 6.a3 Nf6 7.b4 axb4 8.axb4 O-O
9.d3 d6 10.e3 Ne7 11.Nge2 c6 12.O-O Be6 13.Bd2 h6 14.Qc2 Qc7 15.Rfc1 Ra3
16.b5 Nd7 17.Nd5 Bxd5 18.cxd5 c5 19.Nc3 Rfa8 20.e4 Qd8 21.Nd1 Nb6 22.Ne3 h5
23.Bc3 R8a4 24.Bf3 Qa8 25.Bd1 Ra2 26.Bb2 Rb4 27.Qc3 Bh6 28.Bb3 Bxe3 29.fxe3 Na4
30.Qxb4 cxb4 31.Bxa2 Nxb2 32.Rxb2 Qa3 33.Rcb1 Qxd3 34.Kf2 Qxe4 35.Rd2 Nf5
36.Re1 h4 37.Bb1 hxg3+ 38.hxg3 Qg4 39.Bxf5 Qxf5+ 40.Kg1 Qg4 41.Kf2 e4 42.Kg2 Qf3+
43.Kh2 Kg7 44.Ree2 f5 45.Rb2 Kf6 46.Re1 Ke5 47.Kh3 g5 48.Rxb4 f4 49.exf4+ gxf4
50.Rbxe4+ Qxe4 51.Rxe4+ Kxe4 52.g4 Ke3 53.Kh2 f3  0-1

[Event "Katowice op"]
[Site "Katowice"]
[Date "1991.??.??"]
[Round "10"]
[White "Vaulin, Alexander"]
[Black "Ivanov, Oleg"]
[Result "1-0"]
[WhiteElo "2510"]
[BlackElo "2390"]

1.c4 e5 2.g3 Nc6 3.Bg2 g6 4.Nc3 Bg7 5.Rb1 a5 6.a3 Nf6 7.b4 axb4 8.axb4 O-O
9.d3 d6 10.Nf3 Nh5 11.O-O f5 12.Bg5 Qd7 13.b5 Ne7 14.Qb3 h6 15.c5+ Kh8 16.Be3 Qe6
17.Qxe6 Bxe6 18.b6 d5 19.Nb5 d4 20.Nxc7 Ba2 21.Bd2 e4 22.Nxa8 exf3 23.Bxf3 Bxb1
24.Rxb1 Rxa8 25.Bxb7 Ra2 26.Bf4 Nxf4 27.gxf4 g5 28.Bf3 gxf4 29.b7 Be5 30.b8=Q+ Bxb8
31.Rxb8+ Kg7 32.Rb7 Kf6 33.Rb6+ Kg5 34.h4+ Kxh4 35.Re6 Ra7 36.Rxh6+ Kg5 37.Rd6 Ra1+
38.Kh2 Rc1 39.c6 Rc2 40.Kh3 Rc3 41.Kg2 Ng6 42.Rxd4 Nh4+ 43.Kh3 Nxf3 44.Rc4 Ng1+
45.Kg2 f3+ 46.exf3  1-0

[Event "JUG-ch"]
[Site "Kladovo"]
[Date "1991.??.??"]
[Round "6"]
[White "Damljanovic, Branko"]
[Black "Dzevlan, Miralem"]
[Result "1/2-1/2"]
[WhiteElo "2560"]
[BlackElo "2405"]

1.c4 e5 2.g3 Nf6 3.Bg2 d5 4.cxd5 Nxd5 5.Nc3 Nb6 6.Nf3 Nc6 7.O-O Be7 8.a4 a5
9.b3 O-O 10.Bb2 Re8 11.Rc1 Bd6 12.e4 Bg4 13.Nb5 Nd7 14.d4 exd4 15.Nbxd4 Nde5
16.Nxc6 Nxc6 17.h3 Be6 18.Qc2 Qe7 19.e5 Bb4 20.Qd3 Red8 21.Qe3 Qd7 22.Bc3 Bxc3
23.Rxc3 Bxh3 24.Bxh3 Qxh3 25.Ng5 Qf5 26.Rc5 Rd3 27.Qc1 Nxe5 28.Kg2 h6 29.Re1 hxg5
30.Rcxe5 Qf3+ 31.Kg1 Rad8 32.Qxc7 Rd2 33.Qc5 Rd1 34.Qc2 g6 35.Re3 Rxe1+ 36.Rxe1 Qf6
37.Re3 g4 38.Qc4 Rd1+ 39.Kg2 Qa1 40.Qxg4 Rg1+ 41.Kf3 Qd1+ 42.Kf4 Qd2 43.Kf3 Qd1+
44.Kf4 Qd2 45.Kf3  1/2-1/2

[Event "JUG-ch"]
[Site "Kladovo"]
[Date "1991.??.??"]
[Round "9"]
[White "Barlov, Dragan"]
[Black "Damljanovic, Branko"]
[Result "0-1"]
[WhiteElo "2505"]
[BlackElo "2560"]

1.c4 e5 2.g3 f5 3.Bg2 Nf6 4.d3 Nc6 5.Nc3 Bb4 6.Bd2 O-O 7.Nd5 Bxd2+ 8.Qxd2 d6
9.e3 e4 10.Nxf6+ Qxf6 11.d4 Ne7 12.f4 c5 13.Ne2 Be6 14.b3 Rfd8 15.O-O d5
16.Rac1 b6 17.Rfd1 Rac8 18.Bf1 Bf7 19.dxc5 bxc5 20.Qc3 Qxc3 21.Nxc3 d4 22.exd4 cxd4
23.Nb5 d3 24.Rd2 Nc6 25.Kf2 a6 26.Nc3 Nd4 27.Bg2 Re8 28.Ke3 Rcd8 29.Bf1 h6
30.Re1 Nf3 31.Red1 Nxd2 32.Rxd2 g6 33.Rf2 Kg7 34.Nd1 Re7 35.Kd2 a5 36.Ne3 a4
37.b4 Rc7 38.c5 Bxa2 39.Kc3 Be6 40.Kb2 a3+  0-1

[Event "JUG-ch"]
[Site "Kladovo"]
[Date "1991.??.??"]
[Round "11"]
[White "Abramovic, Bosko"]
[Black "Barlov, Dragan"]
[Result "1/2-1/2"]
[WhiteElo "2520"]
[BlackElo "2505"]

1.c4 e5 2.g3 Nf6 3.Bg2 Nc6 4.d3 d5 5.cxd5 Nxd5 6.Nf3 Be7 7.O-O O-O 8.Nc3 Be6
9.d4 exd4 10.Nb5 Qd7 11.Nbxd4 Nxd4 12.Nxd4 Bg4 13.f3 Bh3 14.e4 Nb6 15.Bxh3 Qxh3
16.Qc2 Rfd8 17.Be3 c6 18.a4 Nd7 19.Rad1 g6 20.b3 Qh5 21.Kg2 Qa5 22.Bc1 Bf6
23.Bb2 Qb6 24.Rf2 Bg7 25.Rfd2 Nf8 26.Rd3 c5 27.Nb5 Rxd3 28.Rxd3 Bxb2 29.Qxb2 Ne6
30.Qd2 a6 31.Nc3 Qb4 32.Qb2 Nc7 33.Rd7 Rc8 34.Nd1 c4 35.Qf6 Qf8 36.bxc4 Ne8
37.Qd4 Qc5 38.Ne3 Qxd4 39.Rxd4 Kf8 40.Rd7 Nc7 41.Ng4 b5 42.cxb5 axb5 43.axb5 Nxb5
44.Ne5 Rc7 45.Rxc7 Nxc7 46.Nd3 Ke7 47.Kf2 Nb5 48.Ke3 f6 49.Nf4 Kd6 50.Ne2 Ke7
51.Kd3 Nd6 52.Kd4 Nf7 53.Kd5 Ne5 54.Nd4 Kd7 55.f4 Ng4 56.Nf3 Ke7 57.e5 Ne3+
58.Kd4 Ng4 59.h3 Nf2 60.h4 h5 61.Nd2 fxe5+ 62.fxe5 Ke6 63.Nf3 Ng4 64.Ke4 Nf2+
65.Ke3 Nd1+ 66.Kf4 Nc3 67.Ng1 Nd5+ 68.Kg5 Ne7 69.Nf3 Nf5 70.g4 hxg4 71.Kxg4 Ne3+
72.Kg5 Nf5 73.Kg4 Ne3+ 74.Kf4 Nd5+ 75.Ke4 Nc3+ 76.Kd3 Nb5 77.Kc4 Na3+ 78.Kd4 Nb5+
79.Kd3 Kf5 80.Kc4 Nc7 81.Kc5 Ke6 82.Kd4 Nb5+ 83.Ke4 Nc3+ 84.Ke3 Kf5 85.Kd4 Ne2+
86.Kd5 Kf4  1/2-1/2

[Event "Kobanya op"]
[Site "Kobanya"]
[Date "1991.??.??"]
[Round "9"]
[White "Pinchuk, Sergey T"]
[Black "Stajcic, Nikola"]
[Result "1/2-1/2"]
[WhiteElo "2355"]
[BlackElo "2345"]

1.c4 e5 2.g3 Nf6 3.Bg2 d5 4.cxd5 Nxd5 5.Nc3 Nb6 6.Nf3 Nc6 7.O-O Be7 8.b3 O-O
9.Bb2 f5 10.d3 Bf6 11.Nd2 Nd4 12.Nc4 Re8 13.e3 Ne6 14.Nxb6 axb6 15.Nd5 c6
16.Nxf6+ gxf6 17.d4 e4 18.d5 cxd5 19.Qh5 Ng7 20.Qh6 Rf8 21.f3 Rf7 22.Rfd1 exf3
23.Bxf3 Be6 24.Rd2 Qe7 25.a3 Rff8 26.Rad1 Rad8 27.b4 Rd6 28.Kg2 Qf7 29.b5 Ra8
30.Qxf6 Qxf6 31.Bxf6 Ne8 32.Be5 Rd7 33.Bxd5 Bxd5+ 34.Rxd5 Rxd5 35.Rxd5 Rxa3
36.Bd4 Ra2+ 37.Kg1 Rd2 38.Rxf5 Nd6 39.Rg5+ Kf7 40.Rg7+ Ke6 41.Rxh7 Kd5 42.Re7 Nxb5
43.Rxb7 Nxd4 44.Rd7+ Kc5 45.exd4+ Kc6 46.Rd8 b5 47.Rb8 Rxd4 48.Kg2 b4 49.Kf3 Kc7
50.Rb5 Kc6 51.Rb8 Kc7 52.Ke3 Rc4 53.Rb5 Kc6 54.Rb8 Kc7 55.Rf8 Rc2 56.Rf4 Rxh2
57.Rxb4 Kd6 58.Re4 Rh7 59.g4 Re7 60.Rxe7 Kxe7  1/2-1/2

[Event "Kobanya op"]
[Site "Kobanya"]
[Date "1991.??.??"]
[Round "9"]
[White "Bernei, Andras"]
[Black "Roos, Jean Luc"]
[Result "0-1"]
[WhiteElo "2360"]
[BlackElo "2305"]

1.c4 e5 2.g3 Nf6 3.Bg2 d5 4.cxd5 Nxd5 5.Nc3 Nb6 6.Nf3 Nc6 7.O-O Be7 8.d3 O-O
9.Be3 Be6 10.Qc1 Nd5 11.Bd2 Qd7 12.Re1 f6 13.Ne4 b6 14.a3 Nd4 15.Nxd4 exd4
16.b4 Rac8 17.Rb1 h6 18.f4 f5 19.Nf2 c5 20.b5 Bf6 21.Nd1 Ne7 22.a4 Bd5 23.Nb2 Kh7
24.Nc4 Rce8 25.a5 Bxg2 26.Kxg2 Nd5 27.axb6 axb6 28.Rb3 Re6 29.e4 dxe3 30.Bxe3 Nxe3+
31.Rxe3 Qd5+ 32.Kh3 g5 33.fxg5 hxg5 34.g4 f4 35.Re4 Bd4 36.Nd2 Rh6+ 37.Kg2 Be3
38.Qc4 Qd7 39.Rxe3 Qxg4+ 40.Kh1 Qd1+  0-1

[Event "Krumbach op"]
[Site "Krumbach"]
[Date "1991.??.??"]
[Round "9"]
[White "Bischoff, Klaus"]
[Black "Aseev, Konstantin N"]
[Result "1/2-1/2"]
[WhiteElo "2495"]
[BlackElo "2515"]

1.c4 e5 2.g3 Nf6 3.Bg2 d5 4.cxd5 Nxd5 5.Nc3 Nb6 6.b3 Be7 7.Bb2 O-O 8.Rc1 c5
9.Nh3 Be6 10.f4 Qd7 11.Nf2 exf4 12.gxf4 f5 13.Rg1 Bf6 14.d3 Nc6 15.Bxc6 Qxc6
16.Qd2 Rae8 17.Ncd1 Nd5 18.Rg3 Qd6 19.e3 Bd7 20.Kf1 b6 21.Kg1 Re7 22.Bxf6 Qxf6
23.Nc3 Nc7 24.Ncd1 Qd6 25.Nb2 b5 26.Rf1 Bc6 27.Nbd1 Rfe8 28.Nc3 a6 29.Ne2 Bb7
30.Rc1 b4 31.Rc2 Ne6 32.Kf1 a5 33.Ke1 h6 34.e4 Nd4 35.Nxd4 Qxd4 36.e5 Kh7
37.Qe3 Qa1+ 38.Qc1 Qd4 39.Qe3 Rxe5 40.fxe5 Rxe5 41.Ne4 Qxe3+ 42.Rxe3 fxe4
43.dxe4 g5 44.Rf2 Bd5 45.Rf5 Rxf5 46.exf5 c4 47.Re5 cxb3 48.axb3 Bxb3 49.Rxa5 Kg7
50.Rb5 Bc2 51.Rxb4 Bxf5 52.Rb6 Bh3 53.Kf2 Bg4 54.Ke3 Bf5 55.Kd4 Bg4 56.Ke5 Bh3
57.Rb3 Bg4 58.h3 Bd1 59.Rb1 Bc2 60.Rc1 Bd3  1/2-1/2

[Event "London WFW"]
[Site "London"]
[Date "1991.??.??"]
[Round "?"]
[White "Davies, Nigel R"]
[Black "Sadler, Matthew"]
[Result "1/2-1/2"]
[WhiteElo "2500"]
[BlackElo "2440"]

1.c4 e5 2.g3 Nc6 3.Bg2 g6 4.Nc3 Bg7 5.d3 d6 6.Rb1 a5 7.a3 Nge7 8.b4 axb4
9.axb4 O-O 10.Nf3 Nd4 11.O-O Nxf3+ 12.Bxf3 Bh3 13.Re1 c6 14.Bg5 f6 15.Bd2 f5
16.b5 Qd7 17.bxc6 bxc6 18.Qb3 Qe6 19.Qb7 e4 20.dxe4 Bd4 21.Qb3 Bxf2+ 22.Kxf2 fxe4
23.Nxe4 Qxe4 24.Kg1 Qf5 25.Qe3 Qe6 26.Rb7 Rf7 27.Qc3 h5 28.Bg5 Raf8 29.Bh6 Re8
30.Ra1 Bg4  1/2-1/2

[Event "London WFW"]
[Site "London"]
[Date "1991.??.??"]
[Round "?"]
[White "Conquest, Stuart"]
[Black "Plaskett, Jim"]
[Result "0-1"]
[WhiteElo "2460"]
[BlackElo "2480"]

1.c4 e5 2.g3 Nc6 3.Bg2 f5 4.a3 Nf6 5.Nc3 g6 6.e3 Bg7 7.d4 O-O 8.Nge2 e4 9.b4 d5
10.Nf4 dxc4 11.h4 a6 12.Bb2 b5 13.f3 Re8 14.O-O exf3 15.Qxf3 Bb7 16.h5 Rb8
17.d5 Ne5 18.Qe2 Nd3 19.Nxd3 cxd3 20.Qxd3 Nxh5 21.Rf3 Qd6 22.Kh2 Re4 23.Re1 Rbe8
24.Qd2 Rh4+ 25.Bh3 g5  0-1

[Event "Malaga op"]
[Site "Malaga"]
[Date "1991.??.??"]
[Round "5"]
[White "Hoffman, Alejandro"]
[Black "Franco Ocampo, Zenon"]
[Result "1/2-1/2"]
[WhiteElo "2415"]
[BlackElo "2495"]

1.c4 e5 2.g3 f5 3.Bg2 Nf6 4.d3 c6 5.Nc3 Bb4 6.Qb3 Qe7 7.a3 Ba5 8.Bd2 O-O
9.Nf3 e4 10.dxe4 fxe4 11.Ng5 Bxc3 12.c5+ Kh8 13.Qxc3 Na6 14.O-O-O  1/2-1/2

[Event "FRA-ch Acc"]
[Site "Montpellier"]
[Date "1991.??.??"]
[Round "7"]
[White "Alet, Jean Perre"]
[Black "Mothes, Herve Alexandre"]
[Result "1/2-1/2"]
[WhiteElo "2210"]
[BlackElo "2235"]

1.c4 e5 2.g3 g6 3.Bg2 Bg7 4.Nc3 f5 5.e3 Nc6 6.d3 d6 7.Nge2 Nf6 8.Rb1 Ne7
9.d4 O-O 10.O-O c6 11.b4 g5 12.c5 e4 13.cxd6 Qxd6 14.b5 Be6 15.bxc6 Qxc6
16.Ba3 Qd7 17.d5 Bf7 18.Qa4 Rfd8 19.Nd4 Nexd5 20.Qxd7 Rxd7 21.Nxd5 Bxd5 22.Nxf5 Bxa2
23.Ra1 Bc4 24.Rfc1 Bd3 25.Bb2 a5 26.Rc5 b6 27.Rc6 Ne8 28.Nxg7 Nxg7 29.Rxb6 Rc7
30.f3 Nf5 31.fxe4 Nxe3 32.Bf3 g4 33.Bd4 Nc2 34.Bxg4 Nxa1 35.Be6+ Kf8 36.Bd5 Rac8
37.Rf6+ Ke8 38.Re6+ Kd7 39.Rh6 Rc1+ 40.Kf2 R1c2+ 41.Ke3 Bf1 42.Be6+ Ke8 43.Bxc8 Rxc8
44.Bxa1 Rc7 45.Rh5 a4 46.Ra5 Rc2 47.Rxa4 Rxh2 48.Ra7 Bb5 49.Rg7 h5 50.Bf6 Be2
51.Kf4 Bg4 52.Kg5 Re2 53.Re7+ Kf8 54.Kg6 Re3 55.Rh7 Ke8 56.Re7+ Kf8 57.Bh4 Re2
58.Re5 Re3 59.Bf6 Bd7 60.Bg7+ Kg8 61.Bh6 Rxg3+ 62.Kxh5 Kf7 63.Bg5 Be6 64.Ra5 Bg4+
65.Kh4 Rg2 66.Ra6 Be6 67.Ra7+ Kg6 68.Bd8 Rg4+ 69.Kh3 Rxe4+  1/2-1/2

[Event "Russian Winter op"]
[Site "Moscow"]
[Date "1991.??.??"]
[Round "?"]
[White "Makarov, Marat"]
[Black "Ivanov, V."]
[Result "0-1"]
[WhiteElo "2480"]
[BlackElo "2315"]

1.c4 e5 2.g3 Nf6 3.Bg2 Nc6 4.Nc3 Bb4 5.Nd5 Bc5 6.a3 Nxd5 7.cxd5 Ne7 8.b4 Bd4
9.Rb1 d6 10.e3 Bb6 11.Ne2 O-O 12.O-O a5 13.d4 exd4 14.Nxd4 axb4 15.axb4 Bd7
16.Bb2 Qc8 17.Ra1 Rxa1 18.Qxa1 Bh3 19.e4 Re8 20.Qd1 Ng6 21.f3 h5 22.Kh1 Bd7
23.f4 Bg4 24.Qc2 h4 25.f5 h3 26.Bf3 Ne5 27.Bxg4 Nxg4 28.Rf4 Nf6 29.Ne2 Qd8
30.Ng1 Qe7 31.Qc3 Qe5 32.Qxe5 dxe5 33.Rh4 Bd4 34.Bxd4 exd4 35.Nxh3 Nxe4 36.Nf4 Nf2+
37.Kg2 d3 38.Kxf2 d2 39.Ng6 d1=N+ 40.Kf3 fxg6 41.Rc4 Ne3 42.Rxc7 Nxd5 43.Rd7 Nf6
44.Rxb7 gxf5 45.Kf4 Re2 46.Kxf5 Rxh2 47.g4 Nd5 48.g5 Kh7 49.Ke5 Ne3 50.Ke4 Nc4
51.Kd5 Rh4 52.b5 Ne3+ 53.Kc6 Rc4+ 54.Kd6 Kg6 55.b6 Rc1 56.Rc7 Nf5+ 57.Kd7 Rb1
58.b7 Kxg5 59.Kc6 Kf6 60.Rd7 Ke6 61.Rd2 Ne7+ 62.Kc7 Rc1+ 63.Kb6 Nd5+ 64.Ka6 Ra1+
65.Kb5 Rb1+ 66.Ka6 Nc7+ 67.Ka7 Nb5+ 68.Ka8 Ra1+ 69.Kb8 Nd6 70.Rg2 Kf7 71.Rf2+ Kg8
72.Kc7 Nxb7 73.Kxb7 Rc1 74.Kb6 g6 75.Rg2 Kg7 76.Kb5 Rc8 77.Rg1 Kf6 78.Rf1+ Ke5
79.Rg1 Kf5 80.Rf1+ Ke4 81.Re1+ Kf3 82.Rf1+ Kg2 83.Rf6 Rg8 84.Kc4 g5 85.Kd3 g4
86.Ke3 g3 87.Ra6 Rf8 88.Ke2 Re8+ 89.Kd2 Kf2 90.Rf6+ Kg1 91.Rh6 g2 92.Kd3 Re5
93.Kd4 Re2  0-1

[Event "New York op"]
[Site "New York"]
[Date "1991.??.??"]
[Round "?"]
[White "Friedman, Aviv"]
[Black "Schain, Randolph"]
[Result "1-0"]
[WhiteElo "2300"]
[BlackElo "2235"]

1.c4 e5 2.g3 Nf6 3.Bg2 g6 4.Nc3 Bg7 5.Nf3 d6 6.O-O O-O 7.d3 Nc6 8.Rb1 Bg4
9.h3 Be6 10.b4 h6 11.b5 Ne7 12.Qb3 Nh5 13.Nd5 Kh7 14.Nd2 Rb8 15.Qa4 Nc8 16.Qc2 Qd7
17.Kh2 f5 18.Ba3 Nf6 19.f4 exf4 20.Nxf4 Bf7 21.e4 Ne7 22.Nd5 Nfxd5 23.cxd5 fxe4
24.dxe4 g5 25.Rxf7 Rxf7 26.e5+ Rf5 27.e6 Qe8 28.g4 Qg6 29.gxf5 Nxf5 30.Qxf5 Qxf5
31.Be4 Rf8 32.Kg2 Qxe4+ 33.Nxe4 Rf5 34.Bb2  1-0

[Event "Niedersachsen-NRW"]
[Site "Niedersachsen"]
[Date "1991.??.??"]
[Round "?"]
[White "Libeau, Rene"]
[Black "Lau, Dietmar"]
[Result "1-0"]
[WhiteElo "2360"]
[BlackElo "2250"]

1.c4 e5 2.g3 Nc6 3.Bg2 Nf6 4.Nc3 Be7 5.Nf3 O-O 6.d4 exd4 7.Nxd4 Ne5 8.b3 Bb4
9.Bd2 c6 10.O-O Re8 11.Qc2 Bf8 12.Rad1 d6 13.Bc1 Ng6 14.h3 Qa5 15.e4 Bd7
16.Nf5 Bxf5 17.exf5 Ne5 18.g4 h6 19.f4 Ned7 20.Bf3 Nc5 21.Kh1 Qc7 22.h4 d5
23.cxd5 cxd5 24.Nxd5 Nxd5 25.Bxd5 Rac8 26.Qg2 a5 27.g5 Kh8 28.Bb2  1-0

[Event "Nimes op"]
[Site "Nimes"]
[Date "1991.??.??"]
[Round "5"]
[White "Gavrikov, Viktor"]
[Black "Vaisman, Volodia"]
[Result "1/2-1/2"]
[WhiteElo "2580"]
[BlackElo "2365"]

1.c4 e5 2.g3 Nc6 3.Bg2 g6 4.Nc3 Bg7 5.Rb1 d6 6.b4 Nge7 7.e3 Bf5 8.d3 Qd7
9.Nd5 O-O 10.Qb3 Nd8 11.Ne2 c6 12.Nxe7+ Qxe7 13.h3 Be6 14.b5 Qd7 15.Ba3 Re8
16.bxc6 bxc6 17.Nc3 f5 18.h4 Rc8 19.O-O Nf7 20.Bc1 g5 21.hxg5 Nxg5 22.f4  1/2-1/2

[Event "Oostende op"]
[Site "Oostende"]
[Date "1991.??.??"]
[Round "9"]
[White "Hauchard, Arnaud"]
[Black "Naumkin, Igor"]
[Result "1/2-1/2"]
[WhiteElo "2435"]
[BlackElo "2490"]

1.c4 e5 2.g3 Nf6 3.Bg2 c6 4.Nf3 e4 5.Nd4 d5 6.cxd5 Qxd5 7.Nc2 Qh5 8.h3 Qg6
9.Nc3 Bd6 10.d3 exd3 11.Qxd3 Qxd3 12.exd3 Na6 13.Bg5 Be7 14.O-O-O Nc7 15.Rhe1 Be6
16.Nd4 O-O-O 17.Nxe6 Nxe6 18.Be3 Kb8 19.d4 Bb4 20.a3 Bxc3 21.bxc3 Nd5 22.Kc2 h5
23.Bc1 b5 24.Re5 Kb7 25.a4 a6 26.Ba3 h4 27.Rb1 hxg3 28.fxg3 Kc7 29.Rf1 Rd7
30.axb5 axb5 31.Bxd5 cxd5 32.h4 Ra8 33.Kb3 Ra6 34.Bb4 f6 35.Ree1 Nd8 36.Ra1 Rxa1
37.Rxa1 Nc6 38.Ra8 Rf7 39.Rg8 Kd7 40.Bf8 Ke6 41.g4 g6 42.Bh6 Rh7 43.g5 Ne7
44.Rb8 Nc6 45.Re8+ Kd7 46.Rg8 fxg5 47.Bxg5 Rf7 48.Rxg6 Rf3 49.Rg7+ Ke6 50.Rg6+ Kd7
51.Kc2 b4 52.Rg7+ Ke6 53.Rg6+ Kd7 54.cxb4 Nxd4+ 55.Kd2 Rh3 56.Rf6 Nf3+ 57.Ke2 Nxh4
58.Bxh4  1/2-1/2

[Event "Oostende op"]
[Site "Oostende"]
[Date "1991.??.??"]
[Round "9"]
[White "Mednis, Edmar John"]
[Black "Bogaerts, Jan"]
[Result "1-0"]
[WhiteElo "2460"]
[BlackElo "2260"]

1.c4 e5 2.g3 Nc6 3.Bg2 g6 4.e3 Bg7 5.Ne2 Nge7 6.Nbc3 O-O 7.O-O d6 8.b3 Be6
9.Ba3 Qd7 10.Nd5 Nd8 11.d4 Bxd5 12.cxd5 Qb5 13.Qd2 e4 14.Bxe4 Nxd5 15.Bg2 Re8
16.Rac1 Re7 17.Rfd1 Bh6 18.Nc3 Nxc3 19.Qxc3 Qh5 20.Qc4 Nc6 21.Bb2 Rae8 22.Bc3 Qf5
23.Bd2 g5 24.b4 a6 25.Qd5 Qg6 26.b5 axb5 27.Qxb5 Nd8 28.Rxc7 Nc6 29.Rxb7 Rxb7
30.Qxb7 Qc2 31.Qb3 Qxb3 32.axb3 Na7 33.Ra1 Nb5 34.Bb4 Bf8 35.Ra8 Re7 36.Rb8  1-0

[Event "Oslo Cup"]
[Site "Oslo"]
[Date "1991.??.??"]
[Round "8"]
[White "Ostenstad, Berge"]
[Black "Jansa, Vlastimil"]
[Result "0-1"]
[WhiteElo "2500"]
[BlackElo "2495"]

1.c4 e5 2.g3 d6 3.Bg2 g6 4.d4 Nd7 5.Nc3 Bg7 6.e3 Nh6 7.Nge2 O-O 8.O-O f5
9.b3 Nf7 10.Ba3 Re8 11.Qd2 c6 12.Rfd1 Qg5 13.Rac1 Qh5 14.d5 c5 15.Nb5 Re7
16.b4 b6 17.Rb1 Nf6 18.bxc5 bxc5 19.f3 g5 20.Qa5 e4 21.Rf1 exf3 22.Bxf3 Ng4
23.Bxg4 Qxg4 24.Nc7 Qxe2 25.Rfe1 Qxc4 26.Nxa8 Bc3 27.Rec1 Rxe3 28.Qc7 Qd4  0-1

[Event "Pamplona op"]
[Site "Pamplona"]
[Date "1991.??.??"]
[Round "?"]
[White "Milos, Gilberto"]
[Black "Sion Castro, Marcelino"]
[Result "0-1"]
[WhiteElo "2530"]
[BlackElo "2405"]

1.c4 e5 2.g3 Nc6 3.Bg2 g6 4.Nc3 Bg7 5.Nf3 d6 6.O-O Bf5 7.d3 Qd7 8.Nd5 Nd8
9.d4 c6 10.Ne3 Bh3 11.Bxh3 Qxh3 12.dxe5 dxe5 13.c5 Nh6 14.Nc4 Ng4 15.Nd6+ Kf8
16.Qb3 Bf6 17.Be3 Be7 18.Rfd1 h5 19.Nc4 e4 20.Nce5 Rh7 21.Nxg4 exf3  0-1

[Event "Paris-ch"]
[Site "Paris"]
[Date "1991.??.??"]
[Round "8"]
[White "Gilles, Raphael"]
[Black "Romantchouk, Jacqes"]
[Result "1/2-1/2"]
[WhiteElo "2100"]
[BlackElo "2300"]

1.c4 e5 2.g3 Nf6 3.Bg2 Nc6 4.Nc3 d6 5.Nf3 Be7 6.O-O O-O 7.d3 Bd7 8.Rb1 a5
9.a3 Qc8 10.Re1 Bh3 11.Bh1 h6 12.b4 axb4 13.axb4 Qg4 14.b5 Nb8 15.Be3 Qh5
16.Ra1  1/2-1/2

[Event "URS-ch Club Pavlodar"]
[Site "Pavlodar"]
[Date "1991.??.??"]
[Round "?"]
[White "Vaulin, Alexander"]
[Black "Karpeshov, Oleg"]
[Result "1/2-1/2"]
[WhiteElo "2510"]
[BlackElo "2295"]

1.c4 e5 2.g3 Nf6 3.Bg2 d5 4.cxd5 Nxd5 5.Nf3 Nc6 6.Nc3 Nb6 7.a3 Be7 8.b4 Be6
9.Rb1 f6 10.d3 O-O 11.O-O a5 12.b5 Nd4 13.Nd2 Nd5 14.Bxd5 Bxd5 15.e3 Be6
16.exd4 Qxd4 17.Nde4 Rfd8 18.Be3 Qxd3 19.Qxd3 Rxd3 20.Rfd1 Rxd1+ 21.Rxd1 Bxa3
22.Bc5 Bb4 23.Nd5 Bg4 24.Rc1 Bf3 25.Nxc7 Rd8 26.Ne6 Rd5 27.Bxb4 axb4  1/2-1/2

[Event "Porz op27"]
[Site "Porz"]
[Date "1991.??.??"]
[Round "5"]
[White "Arkhipov, Sergey"]
[Black "Hohelj, Stanislav"]
[Result "1-0"]
[WhiteElo "2500"]
[BlackElo "2320"]

1.c4 e5 2.g3 g6 3.d4 exd4 4.Qxd4 Nf6 5.Bg5 Bg7 6.Qe3+ Qe7 7.Qxe7+ Kxe7 8.Nc3 c6
9.O-O-O d6 10.Bh3 Be6 11.Bxe6 fxe6 12.Nf3 Nd7 13.Kb1 Rhd8 14.h3 a6 15.Ne4 d5
16.cxd5 exd5 17.Nxf6 Nxf6 18.Rhe1 Kf8 19.Ne5 Re8 20.Nd3 Kf7 21.Bf4 Re7 22.Bd6 Re6
23.Bb4 Ne4 24.Nc5 Nxf2 25.Nxe6 Kxe6 26.Rc1 Nxh3 27.Rh1 Ng5 28.Bd2 Ne4 29.Rxh7 Nxd2+
30.Kc2 Bf6 31.Kxd2 Bg5+ 32.e3 d4 33.Rc5 Bxe3+ 34.Kd3 Kd6 35.Rc2 Rf8 36.Rxb7 Rf3
37.Ke4 Rxg3 38.Rb6 d3 39.Rbxc6+ Ke7 40.Kxd3  1-0

[Event "Porz op26"]
[Site "Porz"]
[Date "1991.??.??"]
[Round "8"]
[White "Ragozin, Evgeni"]
[Black "Dautov, Rustem"]
[Result "1/2-1/2"]
[WhiteElo "2395"]
[BlackElo "2595"]

1.c4 e5 2.g3 Nc6 3.Bg2 f5 4.d3 Nf6 5.Nc3 Bb4 6.Bd2 O-O 7.Rc1 d6 8.Nf3 Bxc3
9.Rxc3 e4 10.dxe4 fxe4 11.Ng5 Bf5 12.Nh3 d5 13.cxd5 Nxd5 14.Ra3 Qf6 15.Nf4 Nxf4
16.Bxf4 Qxb2 17.Qb3+ Qxb3 18.Rxb3 b6 19.Bxc7 Rac8 20.Bf4 Nd4 21.Rb2 Nc2+
22.Kf1 Rfd8 23.Rb1 Na3 24.Ra1 Rc2 25.f3 e3 26.g4 Bg6 27.Bh3 Nc4 28.a4 Rdd2
29.Kg2 Rxe2+ 30.Kg3 Red2 31.Rhe1 Rxh2 32.Bxe3 Nxe3 33.Rxe3 Rhe2 34.Rea3 Bf7
35.Bf1 Re5 36.Rd1 Rd5 37.Rxd5 Bxd5 38.Rd3 Be6 39.Rd6 Kf7 40.Bd3 Rb2 41.Rc6 Rb3
42.Bxh7 Bd5 43.Rc7+ Kf6 44.g5+ Kxg5 45.Rxg7+ Kf6  1/2-1/2

[Event "Ptuj"]
[Site "Ptuj"]
[Date "1991.??.??"]
[Round "8"]
[White "Sher, Miron N"]
[Black "Kurajica, Bojan"]
[Result "1/2-1/2"]
[WhiteElo "2450"]
[BlackElo "2520"]

1.c4 e5 2.g3 Nc6 3.Bg2 f5 4.Nc3 Nf6 5.e3 g6 6.Nge2 Bg7 7.d4 e4 8.Nf4 b6 9.b3 Bb7
10.h4 Qe7 11.Bb2 Nd8 12.d5 O-O 13.Qd2  1/2-1/2

[Event "JUG-Cup final"]
[Site "Pula"]
[Date "1991.??.??"]
[Round "1"]
[White "Kovacevic, Vlatko"]
[Black "Vujosevic, Vladimir"]
[Result "1/2-1/2"]
[WhiteElo "2550"]
[BlackElo "2380"]

1.c4 e5 2.g3 Nc6 3.Bg2 d6 4.Nc3 Be6 5.b3 Qd7 6.Nf3 Bh3 7.Bxh3 Qxh3 8.d4 Nf6
9.d5 Nb8 10.e4 Be7 11.Ng1 Qc8 12.h3 c6 13.Nge2 O-O 14.Be3 Bd8 15.Kf1 Nbd7
16.Qd2 cxd5 17.cxd5 Bb6 18.Bxb6 Nxb6 19.g4 Qc5 20.Kg2 Rfc8 21.a3 Nbd7 22.Qd3 Qb6
23.b4 a5 24.Na4 Qd8 25.Ng3 Nb6 26.Nxb6 Qxb6 27.g5 Nd7 28.Nf5 Re8 29.Rab1 axb4
30.axb4 Nf8 31.Qe3 Qd8 32.Ra1 Rb8 33.h4 Ng6 34.Kh2 Nf4 35.Rac1 h6 36.Rhg1 hxg5
37.Rxg5 g6 38.Rcg1 Kf8 39.Nd4 Qf6 40.Nb5 Rbc8 41.R1g3 Rc2 42.Rf3 Kg7 43.Kg3 Re2
44.Qb6 Re1 45.Kg4 Rg1+ 46.Rg3 Rxg3+ 47.fxg3 Nd3 48.Nxd6 Nf2+ 49.Qxf2 Qxf2
50.Nxe8+ Kf8 51.Rxe5 Qe2+ 52.Kf4 Qd2+ 53.Kg4 Qe2+ 54.Kf4 Qd2+ 55.Kf3 Qc3+
56.Kf4 Qd2+ 57.Kf3 Qc3+ 58.Kf4 Qd2+  1/2-1/2

[Event "Reggio Emilia9192-C"]
[Site "Reggio Emilia"]
[Date "1991.??.??"]
[Round "?"]
[White "Strizhnev, Piotr"]
[Black "Krylov, Sergey"]
[Result "1/2-1/2"]
[WhiteElo "2245"]
[BlackElo "2270"]

1.c4 e5 2.g3 Nc6 3.Bg2 g6 4.Nc3 Bg7 5.e3 Nge7 6.Nge2 O-O 7.O-O d6 8.d3 f5
9.Bd2 g5 10.f4 gxf4 11.gxf4 Ng6 12.Be1 Kh8 13.d4 exd4 14.exd4 Nce7 15.d5 c5
16.Rb1 Ng8 17.b4  1/2-1/2

[Event "Rimavska Sobota"]
[Site "Rimavska Sobota"]
[Date "1991.??.??"]
[Round "3"]
[White "Csom, Istvan"]
[Black "Molnar, Vojtech"]
[Result "1-0"]
[WhiteElo "2480"]
[BlackElo "2300"]

1.c4 e5 2.g3 Nf6 3.Bg2 d5 4.cxd5 Nxd5 5.Nc3 Nb6 6.a3 Be7 7.b4 O-O 8.Nf3 f6
9.O-O Nc6 10.Bb2 Kh8 11.d3 Be6 12.Ne4 Qd7 13.Rc1 a6 14.Re1 Rad8 15.Qc2 Bh3
16.Bh1 Qg4 17.Nc5 Bxc5 18.Qxc5 Rfe8 19.Qc2 h5 20.Nd2 h4 21.Nc4 Qg5 22.Qd2 Qh5
23.Nxb6 cxb6 24.Rc4 Nd4 25.Bxd4 exd4 26.Qf4 hxg3 27.hxg3 Qg4 28.Bxb7 Qxf4
29.gxf4 Bg4 30.Kf1 Bh3+ 31.Bg2 Bxg2+ 32.Kxg2 Rd6 33.Kf3 Kg8 34.Rec1 f5 35.Rc7 Rde6
36.R1c2 Rd6 37.Ra7 b5 38.Rcc7 Rg6 39.Rd7 Rc8 40.Rxd4 Rc3 41.Rd5 Rxa3 42.Rxf5 Rb6
43.Rg5 Ra4 44.Rgxg7+ Kf8 45.Rgf7+ Kg8 46.f5  1-0

[Event "Santa Clara"]
[Site "Santa Clara"]
[Date "1991.??.??"]
[Round "5"]
[White "Pigusov, Evgeny"]
[Black "Estevez, Guillermo"]
[Result "1-0"]
[WhiteElo "2540"]
[BlackElo "2350"]

1.c4 e5 2.g3 Nf6 3.Bg2 d5 4.cxd5 Nxd5 5.Nc3 Nb6 6.Nf3 Nc6 7.O-O Be7 8.a3 O-O
9.b4 Be6 10.Rb1 f6 11.d3 Nd4 12.Be3 c5 13.Ne4 cxb4 14.axb4 Rc8 15.Bxd4 exd4
16.Rb2 Nd5 17.Qa1 Qb6 18.Qa5 Rfd8 19.Qxb6 Nxb6 20.Ra1 a6 21.Nc5 Bd5 22.Bh3 Rxc5
23.bxc5 Bxc5 24.Ra5 Bxf3 25.exf3 Bd6 26.Ra1 Bc5 27.f4  1-0